Diccionario de derecho penal (Registro nro. 9489)

Detalles MARC
000 -Cabecera
Campo de control de longitud fija 00451ntm a22001817a 4500
005 - Fecha y hora de la última transacción
Campo de control 20250207143631.0
008 - Elementos de longitud fija--Información general
Campo de control de longitud fija 170530b1999 xxu||||| |||| 00| 0 spa d
041 ## - Idioma
Código de idioma Español
082 ## - Clasificación Decimal Dewey
Número de clasificación R 345.03 R456d6
100 ## - Entrada principal--Autor personal
Nombre personal Reyes Echandía, Alfonso
245 ## - Título propiamente dicho
Título Diccionario de derecho penal
250 ## - Edición
Mención de edición 6 edición
260 ## - Pie de imprenta
Lugar de publicación, distribución, etc. Colombia
Nombre del editor, distribuidor, etc. Temis
Fecha de publicación, distribución, etc. 1999
300 ## - Descripción física
Extensión 217 páginas
650 ## - Materia general
Temática (materia general) DICCIONARIOS
650 ## - Materia general
Temática (materia general) DERECHO PENAL
942 ## - Punto de acceso adicional KOHA
Tipo de ítem KOHA Referencia
Fuente del sistema de clasificación o colocación Dewey Decimal Classification
Existencias
Signatura completa Código de barras Tipo de ítem
R 345.03 R456d6 5773 Referencia